header

Prediction of accidental actions likely to occur on building structures (Record no. 56846)

MARC details
000 -LEADER
fixed length control field 01129nam a2200277Ia 4500
100 1# - MAIN ENTRY--AUTHOR NAME
Personal name Vaidogas, Egidijus R.
245 10 - TITLE STATEMENT
Title Prediction of accidental actions likely to occur on building structures
260 ## - PUBLICATION, DISTRIBUTION, ETC. (IMPRINT)
Place of publication Vilnius :
Name of publisher VGTU,
Year of publication c2007.
300 ## - PHYSICAL DESCRIPTION
Number of Pages 247 p.
650 #0 - SUBJECT ADDED ENTRY--TOPICAL TERM
Topical Term Building failures.
Topical Term Loads (Mechanics)
856 40 - ELECTRONIC LOCATION AND ACCESS
Uniform Resource Identifier http://site.ebrary.com/lib/rucke/Doc?id=10621766

No items available.

© 2026 Rongo University
Contact us: librarian | system librarian | Rongo university